000
00290nam a2200121Ia 4500
008
190216s9999||||xx |||||||||||||| ||und||
100
_a
Akkitham Achyuthan Namboodiri
245
0
_a
Arangettom
260
_b
Current Books
_c
1961
300
_a
56p
650
_a
Malayalam Kavitha
942
_c
BK
999
_c
24064
_d
24064